<?xml version="1.0" encoding="UTF-8"?>
<record
    xmlns:xsi="http://www.w3.org/2001/XMLSchema-instance"
    xsi:schemaLocation="http://www.loc.gov/MARC21/slim http://www.loc.gov/standards/marcxml/schema/MARC21slim.xsd"
    xmlns="http://www.loc.gov/MARC21/slim">

  <leader>01059nam a22002297a 4500</leader>
  <controlfield tag="005">20250928094335.0</controlfield>
  <datafield tag="020" ind1=" " ind2=" ">
    <subfield code="a">9788124116234</subfield>
    <subfield code="c">TZS 37,500</subfield>
  </datafield>
  <datafield tag="040" ind1=" " ind2=" ">
    <subfield code="a">MCCL</subfield>
    <subfield code="b">eng.</subfield>
    <subfield code="e">AACR 2nd rev.ed.</subfield>
  </datafield>
  <datafield tag="082" ind1=" " ind2=" ">
    <subfield code="a">658.022 BAN</subfield>
  </datafield>
  <datafield tag="100" ind1=" " ind2=" ">
    <subfield code="a">Bansal,c.l.</subfield>
  </datafield>
  <datafield tag="245" ind1=" " ind2=" ">
    <subfield code="a">Entrepreneurship and small business management</subfield>
    <subfield code="c">/ C.L. Bansal</subfield>
  </datafield>
  <datafield tag="260" ind1=" " ind2=" ">
    <subfield code="a">New Delhi :</subfield>
    <subfield code="b">Ashok Gosain</subfield>
    <subfield code="c">c2012.</subfield>
  </datafield>
  <datafield tag="300" ind1=" " ind2=" ">
    <subfield code="a">325p.:</subfield>
    <subfield code="b">ill. ;</subfield>
    <subfield code="c">21 cm.</subfield>
  </datafield>
  <datafield tag="504" ind1=" " ind2=" ">
    <subfield code="a">Include index</subfield>
  </datafield>
  <datafield tag="520" ind1=" " ind2=" ">
    <subfield code="a">"Entrepreneurship and small business management provides a balanced theory and practical approach to help budding entrepreneurs develop thriving businesses. Fundamental aspects such as innovation and creativity are discussed as well as entrepreneurial strategies. The concluding section covers the essence of the business plan as well as relevant case studies, which are presented as a way of ensuring understanding."-- Provided by publisher</subfield>
  </datafield>
  <datafield tag="546" ind1=" " ind2=" ">
    <subfield code="a">eng.</subfield>
  </datafield>
  <datafield tag="650" ind1=" " ind2=" ">
    <subfield code="a">Small business management</subfield>
  </datafield>
  <datafield tag="650" ind1=" " ind2=" ">
    <subfield code="a">marketing</subfield>
  </datafield>
  <datafield tag="650" ind1=" " ind2=" ">
    <subfield code="a">financial record keeping</subfield>
  </datafield>
  <datafield tag="700" ind1=" " ind2=" ">
    <subfield code="a">C.L. Bansal</subfield>
  </datafield>
  <datafield tag="942" ind1=" " ind2=" ">
    <subfield code="c">BK</subfield>
  </datafield>
  <datafield tag="999" ind1=" " ind2=" ">
    <subfield code="c">11304</subfield>
    <subfield code="d">11304</subfield>
  </datafield>
  <datafield tag="952" ind1=" " ind2=" ">
    <subfield code="0">0</subfield>
    <subfield code="1">0</subfield>
    <subfield code="4">0</subfield>
    <subfield code="7">0</subfield>
    <subfield code="a">MU002</subfield>
    <subfield code="b">MU002</subfield>
    <subfield code="d">2013-01-01</subfield>
    <subfield code="l">0</subfield>
    <subfield code="o">658 BAN</subfield>
    <subfield code="p">004113</subfield>
    <subfield code="r">2025-09-28 09:47:24</subfield>
    <subfield code="t">1</subfield>
    <subfield code="w">2025-09-28</subfield>
    <subfield code="y">BK</subfield>
  </datafield>
  <datafield tag="952" ind1=" " ind2=" ">
    <subfield code="0">0</subfield>
    <subfield code="1">0</subfield>
    <subfield code="4">0</subfield>
    <subfield code="7">0</subfield>
    <subfield code="a">MU002</subfield>
    <subfield code="b">MU002</subfield>
    <subfield code="d">2013-01-01</subfield>
    <subfield code="l">0</subfield>
    <subfield code="o">658 BAN</subfield>
    <subfield code="p">004114</subfield>
    <subfield code="r">2025-09-28 09:47:24</subfield>
    <subfield code="t">2</subfield>
    <subfield code="w">2025-09-28</subfield>
    <subfield code="y">BK</subfield>
  </datafield>
  <datafield tag="952" ind1=" " ind2=" ">
    <subfield code="0">0</subfield>
    <subfield code="1">0</subfield>
    <subfield code="4">0</subfield>
    <subfield code="7">0</subfield>
    <subfield code="a">MU002</subfield>
    <subfield code="b">MU002</subfield>
    <subfield code="d">2013-01-01</subfield>
    <subfield code="l">0</subfield>
    <subfield code="o">658 BAN</subfield>
    <subfield code="p">004115</subfield>
    <subfield code="r">2025-09-28 09:47:24</subfield>
    <subfield code="t">3</subfield>
    <subfield code="w">2025-09-28</subfield>
    <subfield code="y">BK</subfield>
  </datafield>
  <datafield tag="952" ind1=" " ind2=" ">
    <subfield code="0">0</subfield>
    <subfield code="1">0</subfield>
    <subfield code="4">0</subfield>
    <subfield code="7">0</subfield>
    <subfield code="a">MU002</subfield>
    <subfield code="b">MU002</subfield>
    <subfield code="d">2013-01-01</subfield>
    <subfield code="l">0</subfield>
    <subfield code="o">658 BAN</subfield>
    <subfield code="p">004116</subfield>
    <subfield code="r">2025-09-28 09:47:24</subfield>
    <subfield code="t">4</subfield>
    <subfield code="w">2025-09-28</subfield>
    <subfield code="y">BK</subfield>
  </datafield>
  <datafield tag="952" ind1=" " ind2=" ">
    <subfield code="0">0</subfield>
    <subfield code="1">0</subfield>
    <subfield code="4">0</subfield>
    <subfield code="7">0</subfield>
    <subfield code="a">MU002</subfield>
    <subfield code="b">MU002</subfield>
    <subfield code="d">2013-01-01</subfield>
    <subfield code="l">0</subfield>
    <subfield code="o">658 BAN</subfield>
    <subfield code="p">004117</subfield>
    <subfield code="r">2025-09-28 09:47:24</subfield>
    <subfield code="t">5</subfield>
    <subfield code="w">2025-09-28</subfield>
    <subfield code="y">BK</subfield>
  </datafield>
</record>
